| 000 | 00664nam a22002057a 4500 | ||
|---|---|---|---|
| 080 | _a342.72/73 861 T 271 | ||
| 245 | _aTercer Informe sobre la situacion de los Derechos Humanos en Colombia | ||
| 260 |
_aWashington _bSecretaria general. organizacion de los Estados Americanos _c1999 |
||
| 300 | _a372 P: | ||
| 490 |
_aOEA _vL/V/II 102. DOC. 9 rev. 1. 26 de febrero 1999. |
||
| 650 | _xderechos humanos | ||
| 650 | _xColombia | ||
| 650 | _xderecho internacional humanitario | ||
| 650 | _xderechos de la mujer | ||
| 650 | _xdiscriminacion | ||
| 650 | _xderechos del niƱo | ||
| 650 | _xderechos de los indigenas | ||
| 945 |
_acd _d2015-11-09 |
||
| 999 |
_c4224 _d234728 |
||
| 942 | _6_ | ||